|
|
|
|
| LEADER |
01236nam a22003492a 4500 |
| 001 |
001764039 |
| 003 |
CZ BrMZK |
| 005 |
20210331141831.0 |
| 007 |
ta |
| 008 |
200820s1967 xo af er|||||||||||slo d |
| 040 |
|
|
|a ABA001
|b cze
|c ABA001
|d ABA001
|d BOA001
|
| 041 |
0 |
|
|a slo
|b eng
|b fre
|b ger
|b rus
|
| 043 |
|
|
|a e-xo---
|
| 072 |
|
7 |
|a 75
|x Malířství
|2 Konspekt
|9 21
|
| 080 |
|
|
|a 75 Bazovský, M.A.
|2 MRF
|
| 080 |
|
|
|a (437.6)
|2 MRF
|
| 080 |
|
|
|a (084.11)
|2 MRF
|
| 100 |
1 |
|
|a Vaculík, Karol,
|d 1921-1992
|7 jn19990210634
|4 aut
|4 com
|
| 245 |
1 |
0 |
|a Miloš Alexander Bazovský /
|c napísal a obr. časť zost. Karol Vaculík
|
| 250 |
|
|
|a 1. vyd.
|
| 260 |
|
|
|a Bratislava :
|b Tatran,
|c 1967
|
| 300 |
|
|
|a 145 s., obr. příl. :
|b il. ;
|c 4°
|
| 504 |
|
|
|a Obsahuje bibliografii
|
| 546 |
|
|
|a Anglické, francouzské, německé a ruské resumé
|
| 600 |
1 |
7 |
|a Bazovský, Miloš Alexander,
|d 1899-1968
|7 jn20000600675
|2 czenas
|
| 651 |
|
7 |
|a Slovensko
|7 ge128580
|2 czenas
|
| 653 |
0 |
|
|a slovenští malíři
|a slovenské malířství
|
| 655 |
|
7 |
|a obrazové publikace
|7 fd132947
|2 czenas
|
| 910 |
|
|
|a BOA001
|b 3-0591.975
|
| 990 |
|
|
|a BK
|
| 991 |
|
|
|b 202008
|
| 996 |
6 |
|
|b 2618898036
|c 3-0591.975
|l MZK
|r Sklad / do 1 hodiny
|n 0
|w 001820038
|u 000010
|a 1
|e BOA001
|j MZK50
|s P
|